| 000 | 00625nam a2200217Ia 4500 | ||
|---|---|---|---|
| 003 | GCL | ||
| 008 | 140319s9999 xx 000 0 ara d | ||
| 040 |
_aGCL / _cGCL |
||
| 082 | 0 | 4 |
_a819 _bج ر |
| 100 | 1 | _aعبد ا. مهنا | |
| 245 | 1 | 0 |
_aرسائل الجاحظ / _cعبد ا. مهنا |
| 250 | _aالاولى | ||
| 260 |
_aبيروت : _bدار الحداثة ، _c1988 |
||
| 300 |
_a261 ص ؛ _c25 سم |
||
| 650 | 0 | 4 | _aالادب العربى |
| 650 | 0 | 4 | _aاللغة العربية |
| 650 | 0 | 4 | _aالبلاغة العربية |
| 650 | 0 | 4 | _aالرسائل |
| 650 | 0 | 4 | _aالمجموعات |
| 942 |
_2ddc _cBK |
||
| 999 |
_c55842 _d55842 |
||